000 00465pab a2200181 454500
008 180718b2007 xxu||||| |||| 00| 0 eng d
100 _aBanerjee, Purnendu
245 _aRegrouping of economic activities: a feasibility study
260 _c2007
300 _ap.3745-749.
362 _a15 Sep
650 _aService industries
700 _aRoy, Nilanjana
700 _aBaksi, Ajay
773 _aEconomic and Political Weekly
908 _aN
909 _a75896
999 _c75896
_d75896